<?xml version="1.0" encoding="UTF-8"?>
<marc:record xmlns:marc="http://www.loc.gov/MARC21/slim">
   <marc:leader>00000nam a2200000 a 4500</marc:leader>
   <marc:datafield ind1="1" ind2=" " tag="100">
      <marc:subfield code="a">Bohlmann, Sabine</marc:subfield>
      <marc:subfield code="4">aut</marc:subfield>
      <marc:subfield code="e">Verfasser/-in</marc:subfield>
   </marc:datafield>
   <marc:datafield ind1="0" ind2="0" tag="245">
      <marc:subfield code="a">Frau Honig und das Glück der kleinen Dinge</marc:subfield>
   </marc:datafield>
   <marc:datafield ind1=" " ind2="1" tag="264">
      <marc:subfield code="b">Planet!</marc:subfield>
      <marc:subfield code="c">2019</marc:subfield>
   </marc:datafield>
   <marc:datafield ind1="1" ind2=" " tag="520">
      <marc:subfield code="a">Ganz viel Liebe und eine ordentliche Portion Honig hat Frau Honig im Gepäck, als sie bei Fee, Mo, Tilda, Ida und Leni vor der Tür steht. Familie Kramer kann die Hilde des zauberhaften Kindermädchens sehr gut gebrauchen, und so startet eine Zeit voller bunter Abenteuer: Da beginnen die Möbel an Luftballons durch den Garten zu fliegen, es gibt die "Woche der verrückten Tage" und das Glück wird in hausgemachte Leckereien eingebacken. Was darf dabei auf keinen Fall fehlen? Natürlich Honig! In diesem Sommer gibt es für Familie Kramer nicht nur ein honiggelbesWunder! (Quelle: Buchcover)</marc:subfield>
   </marc:datafield>
   <marc:datafield ind1=" " ind2=" " tag="020">
      <marc:subfield code="a">9783522506281</marc:subfield>
      <marc:subfield code="9">9783522506281</marc:subfield>
   </marc:datafield>
</marc:record>
